• 首页
  • 本馆介绍
  • 公告通知
  • 最新文献
  • 馆藏检索
  • 电子资源
  • 读者导购
  • 参考咨询
  • 我的图书馆
  • 登录
  • 详细信息显示
  • 放入我的书架
  • 预约/预借图书
  • 作者相关作品
  • 分类相关作品
  • 丛书相关作品
  • 出版社相关作品

书目信息

  • 表格格式
  • 工作单格式
  • 卡片格式
题名:
矩阵论同步学习辅导
    
 
作者: 张凯院 , 徐仲 编
分册:  
出版信息: 西安   西北工业大学出版社  2002
页数: 262页
开本: 20cm
丛书名: 大学课程教学同步练丛书
单 册:
中图分类: O151.21
科图分类:
主题词: 矩阵 , 矩阵--高等学校--教学参考资料
电子资源:
ISBN: 7-5612-1542-8
000 00966oam2 2200265 450
001 070022139710
005 20050920152320.96
010    @a7-5612-1542-8@dCNY12.00
100    @a20050112e20042002ekmy0chiy0120 ea
101 0  @achi
102    @aCN@b610000
105    @ay zq 000yy
200 1  @a矩阵论同步学习辅导@9ju zhen lun tong bu xue xi fu dao@e习题与试题精解@f张凯院,徐仲编@Fzhang kai yuan,xu zhong bian
210    @a西安@c西北工业大学出版社@d2002@h2004重印
215    @a262页@d20cm
225 2  @a大学课程教学同步练丛书
330    @a本书由两部分组成,第一部分对矩阵论课程的基本概论、主要结论和常用方法做了分类总结;第二部分收编了近年来研究生矩阵论课程的考试试题12套和博士入学考试试题3套。
461  0 @12001 @a大学课程教学同步练丛书
606 0  @a矩阵
606 0  @a矩阵@x高等学校@j教学参考资料
690    @aO151.21@v4
701  0 @a张凯院@Azhang kai yuan@4编
701  0 @a徐仲@Axu zhong@4编
801  0 @aCN@bTSSF@c20050920
905    @a10447@dO151.21@e186
    
    矩阵论同步学习辅导:习题与试题精解/张凯院,徐仲编.-西安:西北工业大学出版社,2002(2004重印)
    262页;20cm.-(大学课程教学同步练丛书)
    
    
    ISBN 7-5612-1542-8:CNY12.00
    本书由两部分组成,第一部分对矩阵论课程的基本概论、主要结论和常用方法做了分类总结;第二部分收编了近年来研究生矩阵论课程的考试试题12套和博士入学考试试题3套。
●
相关链接 在E读中查询图书 在五车中查询图书 在当当中查询图书 在豆瓣中查询图书


正题名:矩阵论同步学习辅导     索取号:O151.21/186         预约/预借

序号 登录号 条形码 馆藏地/架位号 状态 备注
1 0362332   3623323   第二样本阅览室/ [索取号:O151.21/186] 在馆    
2 0362333   3623332   第三借阅区/ [索取号:O151.21/186] 在馆    
3 0362334   3623341   第三借阅区/ [索取号:O151.21/186] 在馆    
4 0362335   3623350   第三借阅区/ [索取号:O151.21/186] 在馆    
5 0362336   3623369   第三借阅区/ [索取号:O151.21/186] 在馆    
6 0362337   3623378   第三借阅区/ [索取号:O151.21/186] 在馆    
7 0362338   3623387   第三借阅区/ [索取号:O151.21/186] 在馆    
8 0362339   3623396   第三借阅区/ [索取号:O151.21/186] 在馆    
9 0362340   3623403   第三借阅区/ [索取号:O151.21/186] 在馆    
唐山师范学院图书馆 欢迎您!
大连网信软件有限公司© 版权所有